00197nam a22000857a 4500008004100000100001400041245002400055260002400079300000800103240711b |||||||| |||| 00| 0 eng d aS. Sarkar aCriminal Major Acts aDelhibLexmanc2024 a681